Cash flow vo finančnom manažmente

Guardado en:
Detalles Bibliográficos
Autor principal: Markovič, Peter, 1974-
Formato: Capítulo de libro
Lenguaje:eslovaco
Etiquetas: Agregar Etiqueta
Sin Etiquetas, Sea el primero en etiquetar este registro!

MARC

LEADER 00000naa$a2200000$$$4500
001 0144560
005 20240502083334.2
041 0 |a slo 
044 |a CZ 
245 1 0 |a Cash flow vo finančnom manažmente  |c Peter Markovič 
100 1 |a Markovič, Peter, 1974-